[Event "2nd Cairns Cup 2020"]
[Site "Saint Louis"]
[Date "2020.02.09"]
[Round "3.2"]
[White "Kosteniuk, Alexandra"]
[Black "Harika, Dronavalli"]
[Result "0-1"]
[WhiteElo "2504"]
[BlackElo "2518"]
[Annotator "TA"]
[PlyCount "56"]
[EventDate "2020.02.07"]
[EventCountry "USA"]
[SourceTitle "playchess.com"]
[Source "ChessBase"]
[SourceQuality "1"]

{[%evp 16,92,14,7,23,22,25,11,16,8,8,2,10,8,18,15,27,22,28,8,10,-15,-10,-13,0,0,10,-30,-10,-33,0,-60,0,-37,-37,-89,-89,-155,-141,-139,-126,-209,-211,-204,-157,-146,-129,-176,-164,-201,-218,-225,-216,-343,-348,-582,-563,-606,-604,-824,-662,-29979,-29979,-29989,-29990,-29990,-29983,-29979,-29981,-29982,-820,-6195,-5277,-29981,-29982,-29981,-29981,-29983,-29982]} 1. e4 e5 2. Nf3 Nc6 3. Bb5 a6 4. Ba4 Nf6 5. O-O Be7 6. d3 b5 7. Bb3 O-O 8. Nc3 d6 9. a3 Na5 {C77: Ruy Lopez: 3...a6 4 Ba4 Nf6, unusual lines.} 10. Ba2 Be6 11. b4 Bxa2 {The position is equal.} 12. Nxa2 Nc6 13. Re1 Qd7 14. c4 {[#]} Rab8 $146 ({Predecessor:} 14... Rfe8 15. h3 g6 16. Be3 bxc4 17. dxc4 Nxe4 18. Bh6 Nf6 19. b5 axb5 20. cxb5 Nd8 {0-1 (68) Myers,D (2011)-Bereolos,P (2180) Greensboro 2017}) 15. Nc3 Nd4 16. Nxd4 exd4 17. Ne2 c5 18. bxc5 dxc5 {With the idea ...bxc4.} 19. Nf4 Ne8 20. Bd2 Bg5 21. Qh5 h6 22. Rec1 Rc8 23. g3 (23. Qd1 $11) 23... Rc6 (23... bxc4 $15 24. Rxc4 Nf6) 24. Rab1 bxc4 25. dxc4 (25. Rxc4 $15 Nd6 26. Rc2) 25... Nf6 $17 26. Qf3 ({Better is} 26. Qe2) 26... Re8 27. Re1 Ng4 28. Rb3 (28. Kg2 $17) 28... Rcc8 {Played: Ng4-e5} 0-1

[Event "2nd Cairns Cup 2020"]
[Site "Saint Louis"]
[Date "2020.02.09"]
[Round "3.3"]
[White "Dzagnidze, Nana"]
[Black "Yip, Carissa"]
[Result "1-0"]
[WhiteElo "2515"]
[BlackElo "2412"]
[Annotator "TA"]
[PlyCount "89"]
[EventDate "2020.02.07"]
[EventCountry "USA"]
[SourceTitle "playchess.com"]
[Source "ChessBase"]
[SourceQuality "1"]

{[%evp 10,89,50,43,36,40,39,32,53,17,35,23,72,66,53,57,103,97,92,96,86,86,89,99,98,100,262,261,301,300,308,279,282,275,287,280,366,74,243,107,360,78,93,87,195,191,176,188,183,179,182,142,174,152,156,155,155,101,103,95,126,125,127,95,142,113,102,105,156,153,165,73,205,202,243,185,331,322,469,460,439,372]} 1. e4 g6 2. d4 Bg7 3. Nf3 d6 4. Bc4 e6 5. O-O Ne7 6. Bb3 O-O {B06: Modern Defence.} 7. c3 Nd7 8. Bf4 h6 {[#] White is slightly better.} 9. h4 $146 ({Predecessor:} 9. Nbd2 b6 10. Qe2 Nf6 11. h3 a5 12. Rad1 a4 13. Bc4 Bb7 14. Bd3 d5 15. e5 {1-0 (41) Andreasen,P (2252)-Pedersen,B (2102) Aalborg 2014}) 9... Nf6 10. Nbd2 Nc6 11. e5 dxe5 12. dxe5 Nd7 {[%cal Rd7e5]} 13. Qe2 $1 b6 14. Rad1 Qe7 15. Bc2 a5 16. Rfe1 Ba6 17. Qe3 h5 $2 (17... Qc5 $16) 18. Bg5 $1 $18 {[%cal Rg5e7]} Qc5 19. Qf4 $1 {Threatens to win with Ne4.} Ncxe5 ({Reject} 19... Ndxe5 $6 20. Ne4 $18) 20. Ne4 Qc6 21. Nxe5 Bxe5 22. Qd2 Bc8 23. Ng3 $2 (23. Bh6 $18) 23... Rb8 $2 {[#]} (23... f5 $16) 24. Bh6 (24. Nxh5 $1 $18 {[%mdl 512] has better winning chances.} Qc5 (24... gxh5 25. Bh6) 25. Bh6) 24... Bf6 $2 {[%mdl 8192] [#]} (24... Bxg3 $16 25. Bxf8 (25. fxg3 Re8 $14) 25... Bxh4) 25. Bxf8 $2 (25. Nxh5 $1 $18 {[%mdl 512]} Bh8 (25... gxh5 26. Qd3) 26. Nf4) 25... Nxf8 $16 26. Ne4 Bxh4 (26... Be7 $16 {was necessary.}) 27. Qf4 $18 Be7 {[#]} 28. Nf6+ $1 Bxf6 29. Qxf6 {Bxg6! is the strong threat.} Ba6 30. Re3 {[%mdl 1024] White has strong compensation.} Bc4 31. Be4 ({Don't do} 31. Rf3 Qe8 $16) 31... Qe8 32. b3 Ba6 33. Rh3 ({White should try} 33. Bf3) 33... Nh7 $16 34. Qh4 Be2 35. Rd2 Bg4 36. Rhd3 $36 {[%mdl 2048] Strongly threatening Rd8. White is on the roll.} Kg7 37. Rd8 Rxd8 38. Qxd8 Qxd8 ({Better is} 38... Qb5) 39. Rxd8 {[%mdl 4096] Endgame KRB-KBN} e5 40. Re8 (40. b4 $18 {and White stays clearly on top.}) 40... Be6 {[#]} (40... Kf6 $16 {was worth a try.}) 41. Re7 $1 $18 c5 42. c4 Ng5 (42... Nf6 $142) 43. Bd5 Bf5 (43... e4 {might work better.} 44. Rb7 Bxd5 45. cxd5 Kf6 46. Rxb6+ Ke5) 44. Rb7 Bb1 45. a3 {Accuracy: White = 64%, Black = 45%.} 1-0

[Event "2nd Cairns Cup 2020"]
[Site "Saint Louis"]
[Date "2020.02.09"]
[Round "3.4"]
[White "Koneru, Humpy"]
[Black "Ju, Wenjun"]
[Result "1/2-1/2"]
[WhiteElo "2580"]
[BlackElo "2583"]
[Annotator "TA"]
[PlyCount "43"]
[EventDate "2020.02.07"]
[EventCountry "USA"]
[SourceTitle "playchess.com"]
[Source "ChessBase"]
[SourceQuality "1"]

{[%evp 9,43,10,2,17,8,18,18,0,0,-8,0,0,8,13,14,0,8,14,16,23,31,16,21,25,25,25,25,-10,-20,-26,30,0,0,-13,17,0]} 1. c4 e5 2. Nc3 Bb4 3. Nd5 Bc5 4. e3 Nf6 5. d4 Nxd5 6. dxc5 {A21: English Opening: 1...e5 2 Nc3.} Nf6 7. b4 O-O 8. Bb2 d6 {[#]} 9. cxd6 $146 ({Predecessor:} 9. Nf3 e4 10. Bxf6 Qxf6 11. Nd4 dxc5 12. bxc5 Rd8 13. Qc1 Nc6 14. Nxc6 bxc6 15. Rb1 Bg4 16. Be2 Bxe2 17. Kxe2 Qg5 {0-1 (17) Cox,R (1778)-Beveridge,C (2163) ICCF email 2018}) 9... cxd6 10. Nf3 Be6 11. Be2 Qb6 12. a3 a5 13. O-O Na6 14. Bc3 axb4 15. axb4 Ne4 16. Be1 Rfc8 17. Rc1 h6 18. Nd2 Nf6 19. Nf3 Ne4 (19... Qc7 $142) 20. Nd2 Nf6 21. Nf3 Ne4 22. Nd2 {Accuracy: White = 87%, Black = 86%.} 1/2-1/2

[Event "2nd Cairns Cup 2020"]
[Site "Saint Louis"]
[Date "2020.02.09"]
[Round "3.5"]
[White "Krush, Irina"]
[Black "Gunina, Valentina"]
[Result "0-1"]
[WhiteElo "2422"]
[BlackElo "2461"]
[Annotator "TA"]
[PlyCount "104"]
[EventDate "2020.02.07"]
[EventCountry "USA"]
[SourceTitle "playchess.com"]
[Source "ChessBase"]
[SourceQuality "1"]

{[%evp 13,104,17,34,20,33,25,51,52,41,11,33,-17,13,-11,-10,-32,0,0,68,0,36,34,67,61,49,58,112,117,111,66,48,45,45,37,55,55,81,97,81,87,130,35,37,0,0,-71,0,0,12,-46,-49,-87,-41,-85,-86,-143,-156,-253,-259,-279,-283,-275,-270,-259,-265,-260,-254,-250,-240,-241,-246,-316,-325,-325,-325,-326,-320,-403,-383,-414,-404,-528,-527,-519,-521,-525,-533,-552,-535,-612,-529,-521,-513]} 1. d4 Nf6 2. c4 e6 3. Nc3 Bb4 4. Qc2 O-O 5. a3 Bxc3+ 6. Qxc3 Qe8 {6...d5 is becoming the main line.} 7. g3 d6 8. Bg2 {E32: Nimzo-Indian: Classical (4 Qc2): 4...0-0.} a5 9. b3 Ra7 {[#]} 10. e4 $146 {White is slightly better.} ({Predecessor:} 10. Bg5 Nbd7 11. e4 e5 12. Ne2 exd4 13. Qxd4 Ra6 14. Nc3 h6 15. Bxf6 Nxf6 16. O-O {1-0 (38) Navara,D (2710)-Harika,D (2514) Caleta 2013}) 10... e5 11. d5 b5 12. Be3 Rb7 13. Ne2 (13. c5 $5 {[%cal Rc5c6]} Ng4 14. c6 Nxe3 15. Qxe3 $14 (15. cxb7 Nxg2+ 16. Kf1 Bxb7 $11)) 13... bxc4 14. bxc4 Qa4 15. O-O c6 (15... Ng4 $11) 16. dxc6 (16. Rfc1 $14) 16... Nxc6 17. Rfd1 Bg4 18. f3 Be6 19. Rxd6 Rb3 (19... Rc8 $14) 20. Qc2 $16 Rc8 21. Bf1 {Black must now prevent Nc3.} Qxc4 22. Qxc4 Bxc4 23. Kf2 h6 24. Rc1 Ne7 25. Bh3 Rc7 26. Rc2 Kh7 {[#]} 27. a4 (27. Nc1 $1 $16 {[%cal Rc1b3]} Rbb7 28. Rb6) 27... Rb4 $1 $14 28. Bf1 Rc8 29. Bh3 {[#]} (29. Bd2 $11 {keeps the balance.} Rxa4 30. Rc3) 29... Rc6 (29... Be6 $1 $17 30. Rxe6 {[%mdl 64] Remove Defender} fxe6) 30. Rxc6 $11 Nxc6 31. Bc5 (31. Nc3 $11) 31... Rxa4 $15 32. Bf1 {aiming for Nc3.} Bd3 33. Rd2 Rc4 $36 {[%mdl 2048] Black is really pushing.} 34. Ba3 {[#]} ({White should try} 34. Be7) 34... Bxe4 $1 $17 {[%mdl 512]} 35. Ra2 (35. Bb2 $17 Rb4 36. Nc3) (35. fxe4 Nxe4+) 35... Bd3 $19 36. Ke3 e4 37. fxe4 Ne5 ({Worse is} 37... Nxe4 38. Kxd3 Ne5+ 39. Ke3 $11) 38. h3 Rxe4+ 39. Kf2 Bc4 40. Ra1 Nd3+ 41. Kg1 Re3 42. Bd6 Ne4 43. Bc7 Nd2 44. Nd4 Nxf1 45. Kxf1 Re4 46. Bb6 {[#]} a4 $1 {[%cal Ba5a4,Ba4a3][%mdl 32]} 47. Kg2 (47. Rxa4 Re1+) 47... Bd5 {And now ...Re1+ would win.Black is clearly winning.} 48. Kf1 {[#]} a3 $1 49. Ne2 (49. Rxa3 Re1#) 49... Rb4 50. Ba5 Rb2 51. Bc3 Rc2 {Hoping for ...a2.} 52. Rxa3 {Now Nf4 and White clings on.} Bf3 {Accuracy: White = 59%, Black = 68%.} 0-1

[Event "2nd Cairns Cup 2020"]
[Site "Saint Louis"]
[Date "2020.02.10"]
[Round "4.1"]
[White "Muzychuk, Mariya"]
[Black "Dzagnidze, Nana"]
[Result "1/2-1/2"]
[WhiteElo "2552"]
[BlackElo "2515"]
[Annotator "TA"]
[PlyCount "95"]
[EventDate "2020.02.07"]
[EventCountry "USA"]
[SourceTitle "playchess.com"]
[Source "ChessBase"]
[SourceQuality "1"]

{[%evp 21,95,18,0,3,25,21,22,46,20,25,27,20,11,10,11,14,19,16,31,20,23,13,15,-5,20,17,18,19,17,22,23,23,25,17,40,33,33,41,32,34,36,19,21,21,22,8,10,8,8,8,8,8,12,8,12,14,16,13,13,13,13,8,34,23,23,23,23,23,23,0,0,0,0,0,0,0]} 1. e4 c5 2. Nf3 Nc6 3. d4 cxd4 4. Nxd4 Nf6 5. Nc3 d6 6. Bg5 e6 7. Qd2 Be7 8. O-O-O Nxd4 9. Qxd4 O-O 10. f4 h6 11. Bh4 Qa5 12. Be1 {Strongly threatening Nd5. B65: Sicilian: Richter-Rauzer: 7...Be7 8 0-0-0 0-0 9 f4 Nxd4.} e5 13. Qd3 {[#]} exf4 $146 ({Predecessor:} 13... Qc5 14. f5 Bd7 15. Bh4 Bc6 16. Be2 Rfd8 17. Kb1 Rac8 18. Bxf6 Bxf6 19. Bf3 b5 {0-1 (38) Rivera,D-Hybl,J ICCF corr 1965}) 14. Nd5 Qd8 15. Nxf4 Bd7 16. Be2 Bc6 17. Bf3 Nd7 18. Nd5 Nc5 19. Qd4 Bxd5 20. Qxd5 Rc8 21. Bc3 Qc7 22. e5 {[%cal Re5d6]} (22. Bg4 {is interesting.} Bg5+ 23. Kb1 Rce8 24. Bf5 Bf4 25. Bd4) 22... Na4 {[#] aiming for ...Nxb2!} (22... Bg5+ {seems wilder.} 23. Kb1 Na4 24. exd6 Nxc3+ 25. bxc3 Qxc3 26. Qb3 Qa5) 23. exd6 Nxc3 24. dxc7 Nxd5 25. Rxd5 Rxc7 26. Rhd1 b6 27. c3 a5 28. Rd7 Bg5+ 29. Kc2 Rxd7 30. Rxd7 $14 {[%mdl 4096] Endgame KRB-KRB} Rd8 31. Rb7 Rd2+ 32. Kb3 Be3 33. Ka3 g5 34. h3 f5 35. b4 axb4+ 36. cxb4 h5 37. Re7 Rd3+ 38. Ka4 g4 $1 {[%cal Rg4f3]} 39. hxg4 hxg4 40. Be2 Rc3 41. Re5 Bg1 42. Rxf5 Rc2 43. Re5 Rxa2+ 44. Kb3 Rd2 45. Re4 g3 {The position is equal.} 46. Kc3 Rd7 47. Bc4+ Kf8 48. Rf4+ {Accuracy: White = 100%, Black = 94%.} 1/2-1/2

[Event "2nd Cairns Cup 2020"]
[Site "Saint Louis"]
[Date "2020.02.10"]
[Round "4.2"]
[White "Koneru, Humpy"]
[Black "Lagno, Kateryna"]
[Result "1/2-1/2"]
[WhiteElo "2580"]
[BlackElo "2552"]
[Annotator "TA"]
[PlyCount "60"]
[EventDate "2020.02.07"]
[EventCountry "USA"]
[SourceTitle "playchess.com"]
[Source "ChessBase"]
[SourceQuality "1"]

{[%evp 23,60,10,11,0,0,0,0,0,0,0,0,0,0,0,0,0,0,0,0,0,0,0,0,0,0,0,-2,-2,-2,-2,0,0,0,-7,-6,-8,0,0,0]} 1. d4 Nf6 2. c4 g6 3. Nc3 d5 4. cxd5 Nxd5 5. g3 Bg7 6. Bg2 Nxc3 7. bxc3 c5 8. Nf3 Nc6 9. O-O cxd4 10. Nxd4 Nxd4 11. cxd4 Qxd4 12. Rb1 O-O {The position is equal.} 13. Qxd4 {D75: Fianchetto Grünfeld: Main Line with 7...c5.} Bxd4 14. Bh6 Rd8 15. Bxb7 Rb8 16. Bxc8 Rdxc8 17. Rxb8 Rxb8 $11 {[%mdl 4096] Endgame KRB-KRB} 18. Rd1 Bc5 19. Rd7 a5 20. Rc7 {[#]} Bb4 $146 ({Predecessor:} 20... Bd6 21. Ra7 Bb4 22. Bf4 Rc8 23. a3 Bxa3 24. Rxa5 Bc5 25. Rb5 f6 26. Kg2 Kf7 27. g4 Rc6 28. Kf3 h5 29. gxh5 gxh5 30. Rb7 Kg6 31. Rc7 Rxc7 {½-½ (31) Stephan,J (2546)-Giuliani,S (2630) ICCF email 2009}) 21. Ra7 f6 22. a3 Bxa3 23. Rxa5 Bb4 24. Ra6 g5 25. h4 gxh4 26. gxh4 Kf7 27. Kg2 Bd6 28. Ra4 Kg6 29. Bf4 Bxf4 30. Rxf4 h5 {Accuracy: White = 100%, Black = 100%.} 1/2-1/2

[Event "2nd Cairns Cup 2020"]
[Site "Saint Louis"]
[Date "2020.02.10"]
[Round "4.3"]
[White "Ju, Wenjun"]
[Black "Gunina, Valentina"]
[Result "1-0"]
[WhiteElo "2583"]
[BlackElo "2461"]
[Annotator "TA"]
[PlyCount "117"]
[EventDate "2020.02.07"]
[EventCountry "USA"]
[SourceTitle "playchess.com"]
[Source "ChessBase"]
[SourceQuality "1"]

{[%evp 9,117,39,65,55,53,62,58,62,64,29,63,14,16,15,60,49,51,9,22,0,0,0,0,-28,-15,-37,-37,-43,-16,-43,0,0,0,-57,-54,-92,-29,-29,-35,-28,-29,-36,-35,-77,-12,-50,-40,-48,-14,-20,0,0,0,0,0,0,27,30,108,115,181,178,175,180,440,232,775,400,400,400,1110,1092,2208,1838,1947,1894,1906,1775,1414,807,743,0,1392,1385,1324,1302,1460,1338,1383,1155,6837,6821,6797,6733,29962,29962,29960,29960,12631,6095,945,945,29987,29988,29988,29989,29989,29990,29990,29991]} 1. e4 e5 2. Nf3 Nc6 3. Bb5 a6 4. Ba4 Nge7 5. c3 g6 6. d4 {C70: Ruy Lopez: 3...a6 4 Ba4, Norwegian and Delayed Schliemann.} exd4 7. cxd4 Bg7 8. d5 {White is slightly better.} Na5 9. O-O (9. Bd2 $5 {[%cal Rd2a5]} c5 10. Bc3 $14) 9... b5 10. Bb3 d6 11. Bd2 c5 12. dxc6 Nxb3 {[#]} 13. Qxb3 $146 (13. axb3 $5 {[%cal Rd2a5]} Nxc6 14. Bg5 $14) ({Predecessor:} 13. axb3 Nxc6 14. Bg5 Qd7 15. Nc3 Ne7 16. Bf4 O-O 17. Qxd6 Qb7 18. Bg5 f6 19. Be3 {1-0 (43) Mamedov,N (2580)-Abdulov,O (2334) Baku 2011}) 13... Nxc6 14. Bc3 Be6 15. Qd1 Ne5 16. Nbd2 O-O 17. Nd4 Bg4 18. Qb3 Rb8 19. a3 Qb6 20. h3 Bd7 21. N2f3 (21. Ne2 $11) 21... a5 $15 22. Rfd1 b4 (22... Rfc8 $17 {...Nxf3+ is the strong threat.} 23. Rdc1 Rc4) 23. axb4 $11 axb4 24. Bd2 Qb7 25. Nxe5 dxe5 26. Nc2 Rfc8 ({Black should try} 26... Qxe4 $17 {White must now prevent ...Be6.} 27. Nxb4 Bc6) 27. Be1 Be6 28. Qd3 Bc4 29. Qf3 Qb5 {Threatens to win with ...Be2.} 30. Rd2 Bh6 31. Ne3 Be6 32. Rdd1 Bg5 33. Nd5 Rc2 {[#]} (33... Qc4 $11) 34. Qg3 $1 $16 {[%cal Rg3g5]} Bf4 (34... f6 $16 {was called for.}) 35. Nxf4 $18 exf4 36. Qxf4 Rxb2 $2 (36... Rcc8 {might work better.} 37. Rd4 Qc5) 37. Bd2 (37. Qf6 $142 Rc2 38. Bd2 (38. Rd8+ Rxd8 39. Qxd8+ Kg7 $18) 38... Rxd2 39. Rxd2) 37... h5 $2 (37... Rxd2 38. Rxd2 (38. Qxd2 b3 $16) 38... Re8) 38. Qf6 Rxd2 39. Rxd2 {Hoping for Rad1.} Kh7 (39... Re8 $142 40. Rd8 Rxd8 41. Qxd8+ Kh7) 40. Rad1 Rg8 41. Rd8 {Intending Rxg8 and mate.} Qe2 42. Kh2 Rg7 43. Ra1 {White wants to mate with Raa8.} Ba2 44. Rc1 {White threatens Rcc8 and mate.} Be6 45. Ra1 (45. Qd4 $142 Rg8 46. Rxg8 Kxg8 47. Rb1) 45... Ba2 $1 46. Ra8 Be6 47. Rb8 {Threatening mate with Raa8.} Ba2 48. Rxb4 Qc2 49. Rb2 Qc7+ 50. g3 Be6 51. Ra8 Bc8 52. Rbb8 Rg8 53. e5 Kh6 54. Qf4+ Kg7 {[#]} 55. e6 $1 Qc5 (55... Bxe6 56. Rxg8+) 56. Qxf7+ {White mates.} Kh6 57. Rxc8 {[%mdl 64] Promotion} Rxc8 58. Rxc8 Qxc8 59. e7 {Accuracy: White = 71%, Black = 47%.} 1-0

[Event "2nd Cairns Cup 2020"]
[Site "Saint Louis"]
[Date "2020.02.10"]
[Round "4.4"]
[White "Harika, Dronavalli"]
[Black "Krush, Irina"]
[Result "1/2-1/2"]
[WhiteElo "2518"]
[BlackElo "2422"]
[Annotator "TA"]
[PlyCount "65"]
[EventDate "2020.02.07"]
[EventCountry "USA"]
[SourceTitle "playchess.com"]
[Source "ChessBase"]
[SourceQuality "1"]

{[%evp 13,65,16,33,24,35,27,41,30,34,34,34,41,45,25,30,29,28,27,35,18,15,0,0,0,0,-29,-24,-48,-22,-33,-37,-72,-65,-68,-72,-89,-50,-58,-43,-47,-27,-28,-19,-34,-10,-47,-36,-53,-54,-64,-33,-38,0,0]} 1. e4 c5 2. Nf3 e6 3. d4 cxd4 4. Nxd4 Nc6 5. Nc3 Qc7 6. g3 a6 7. Bg2 h5 8. O-O {B47: Sicilian: Taimanov: 5 Nc3 Qc7 6 f4, 6 g3 and 6 Be2.} h4 9. Re1 hxg3 10. hxg3 {White is slightly better.} d6 11. Nxc6 bxc6 12. Na4 c5 13. c4 Bb7 14. b3 Be7 {[#]} 15. Bb2 $146 ({Predecessor:} 15. Bd2 Bf6 16. Bc3 Bxc3 17. Nxc3 Ne7 18. Qg4 Ng6 19. f4 O-O-O 20. Rad1 Kb8 21. Rd3 Rd7 22. Red1 Rhd8 23. R1d2 Ka7 {½-½ (23) Sikora,J (2218)-Nagy,G (2452) Banska Stiavnica 2017}) 15... Bf6 16. Rb1 {[%cal Ba1b1,Bb1b2,Bb2d2][%mdl 32]} Rd8 17. Bc3 Bxc3 18. Nxc3 Ne7 19. Rb2 Nc6 20. Rd2 Nd4 21. Ne2 e5 22. Nxd4 cxd4 23. Qg4 f6 24. Rc1 Kf7 25. b4 a5 26. a3 axb4 27. axb4 Bc8 28. Qd1 Be6 29. c5 dxc5 30. bxc5 Rb8 31. Qe2 $1 Rb3 {Hoping for ...Rc3.} 32. Rd3 $1 Rb5 33. Rxd4 $1 {Accuracy: White = 87%, Black = 82%.} 1/2-1/2

[Event "2nd Cairns Cup 2020"]
[Site "Saint Louis"]
[Date "2020.02.10"]
[Round "4.5"]
[White "Yip, Carissa"]
[Black "Kosteniuk, Alexandra"]
[Result "0-1"]
[WhiteElo "2412"]
[BlackElo "2504"]
[Annotator "TA"]
[PlyCount "104"]
[EventDate "2020.02.07"]
[EventCountry "USA"]
[SourceTitle "playchess.com"]
[Source "ChessBase"]
[SourceQuality "1"]

{[%evp 16,104,22,17,22,22,43,50,52,21,22,0,18,-14,0,-25,0,0,0,0,0,0,0,-20,0,0,0,0,0,-37,0,-4,0,-9,0,-7,-10,-10,-4,-15,8,-12,-14,-31,-8,-25,0,-4,20,-8,0,-42,-58,-78,-37,-64,-76,-141,-112,-98,-104,-78,-103,-97,-81,-86,0,0,0,0,0,0,20,11,18,0,0,-321,-321,-354,-340,-599,-108,-573,-546,-29986,-29987,-29992,-29993,-29993,-29994]} 1. e4 e5 2. Nf3 Nf6 3. d4 Nxe4 4. Bd3 d5 5. Nxe5 Nd7 6. Nc3 Nxc3 7. bxc3 Nxe5 8. dxe5 Be7 9. O-O {9.Qh5 is not played anymore.} O-O {C43: Petroff Defence: 3 d4.} 10. Be3 Be6 11. f4 {Black must now prevent f5.} f5 $1 {White is slightly better.} 12. Rb1 b6 {[#]} 13. Be2 $146 ({Predecessor:} 13. Qf3 c5 14. Rfd1 Qc7 15. Bf2 Rad8 16. h4 d4 17. c4 Qd7 18. Rb5 Qc8 19. h5 {1-0 (46) Stankovic,M (2466)-Strebkovs,A (2278) Prague 2020}) 13... c6 14. Bf3 b5 15. Qd3 a5 16. Qd2 Qd7 17. Ra1 Ba3 18. Rfb1 Qe7 19. Qf2 Rab8 20. h3 Kh8 21. Kh2 a4 22. Kh1 Rb7 23. Be2 Rfb8 24. Bf3 Qf8 25. Ba7 Rc8 26. Be3 Be7 27. Be2 a3 28. Rd1 Ra8 29. Bf3 Ra4 30. Rd3 Rc4 31. Rb1 Qd8 32. Be2 Rb8 33. Ba7 Ra8 34. Bb6 Qf8 (34... Rxf4 $5 35. Qe3 Qb8 36. Qxf4 Qxb6 $15) 35. Be3 b4 36. cxb4 (36. Bf3 $142) 36... Rxc2 37. Rd2 Rxd2 38. Bxd2 d4 39. Bf3 Bxa2 40. Ra1 Qf7 (40... Bg8 $17 41. Bxc6 Rc8) 41. Bxc6 $11 Rc8 42. Ba4 $1 d3 43. Be1 Bd5 {Hoping for ...a2.} 44. Rxa3 Be4 45. Bd2 Qg6 46. Bb5 $2 {[%mdl 8192]} (46. Bd1 $11 {and White is okay.}) 46... Bh4 $1 $19 {[%cal Rh4f2]} 47. Qf1 {[#]} Qg3 $1 {...Rc2 is the strong threat.} 48. Ra2 $2 (48. Bxd3 Rd8 49. Bxe4 Qxa3 50. Bc1) 48... Qxh3+ $40 {[%mdl 128] White is in trouble.} 49. Kg1 Qg3 {aiming for ...Rc2.} 50. e6 Bf6 {Black mates.} 51. Be1 Bd4+ 52. Bf2 {[#]} Bxg2 $1 {[%mdl 512] Accuracy: White = 69%, Black = 88%.} 0-1

[Event "2nd Cairns Cup 2020"]
[Site "Saint Louis"]
[Date "2020.02.11"]
[Round "5.1"]
[White "Dzagnidze, Nana"]
[Black "Koneru, Humpy"]
[Result "0-1"]
[WhiteElo "2515"]
[BlackElo "2580"]
[Annotator "TA"]
[PlyCount "128"]
[EventDate "2020.02.07"]
[EventCountry "USA"]
[SourceTitle "playchess.com"]
[Source "ChessBase"]
[SourceQuality "1"]

{[%evp 22,128,0,3,0,0,0,0,0,0,0,0,0,0,0,-6,0,-13,0,0,-4,-24,0,0,0,-47,-44,-53,-45,-174,-147,-176,-70,-76,-75,-75,-66,-70,-68,-78,-85,-126,-65,-67,-63,-77,-85,-116,50,53,36,-38,-18,-56,-42,-82,-17,-54,-55,-63,-51,-72,-27,-62,-49,-49,-53,-55,-62,-140,0,-166,0,-115,0,-172,-172,-172,-172,-173,-173,-171,-173,-178,-170,-300,-297,-5069,-2802,-6548,-424,-6548,-5530,-5627,-6107,-1767,-1520,-29976,-29978,-29978,-29979,-29979,-29980,-29980,-29980,-29981,-29982,-29982,-29983]} 1. d4 Nf6 2. c4 e6 3. Nf3 d5 4. Nc3 Be7 5. Bg5 O-O 6. e3 h6 7. Bh4 b6 8. Be2 Bb7 9. Bxf6 Bxf6 10. cxd5 exd5 11. Qb3 Re8 12. O-O c6 {D58: Queen's Gambit Declined: Tartakower Defence.} 13. Rfe1 Na6 {[%cal Bb8a6,Ba6c7,Bc7e6,Be6c5,Bc5e4][%mdl 32]} 14. e4 Nc7 {The position is equal.} 15. e5 Be7 16. Rad1 Ne6 17. Bf1 Qc7 18. g3 Rad8 19. h4 {[#]} a6 $5 $146 {[%mdl 8] New and interesting.} ({Predecessor:} 19... c5 20. Bh3 Bf8 21. Ne2 Bc8 22. Kh2 g6 23. a3 Bg7 24. Qc2 Qe7 25. Qd2 Qf8 26. Nf4 {½-½ (26) Piket,J (2609)-Kramnik,V (2751) Wijk aan Zee 1999}) 20. a3 c5 21. dxc5 Nxc5 22. Qa2 {[%cal Rc3d5]} Ne4 23. Ne2 Bc5 24. Ned4 Rxe5 25. Rc1 (25. b4 $15 Bxd4 26. Nxd4) 25... Qb8 $19 26. Red1 {[#]} Ree8 (26... Nxf2 $1 $19 {[%mdl 512]} 27. Kxf2 Re4) 27. b4 $15 Bxd4 28. Nxd4 Rc8 29. Qb3 Qe5 {...Rxc1 is the strong threat.} 30. Qe3 Qf6 31. Re1 Kf8 (31... Nd6 $17 32. Qd2 Rxc1 33. Rxc1 Nc4 $1 {[%mdl 512]}) 32. Rxc8 Rxc8 33. Ne2 Re8 34. Rc1 {[#]} Rc8 $2 (34... d4 $1 $17 {[%cal Rd4e3][%mdl 512]} 35. Nxd4 Nxg3 $1 {[%mdl 576] Deflection} 36. Qxg3 Qxd4) 35. Rxc8+ $14 Bxc8 36. Bg2 ({Better is} 36. f3 $14 Nd6 37. Qxb6) 36... Qc6 37. Bxe4 dxe4 38. Nc3 f5 ({Black should try} 38... Bb7 $1 $17) 39. Qd4 Bb7 40. Kf1 Kf7 41. Ke2 b5 42. Ke3 g5 $36 {[%mdl 2048] Black fights for an advantage.} 43. hxg5 hxg5 44. Ne2 Kg6 45. Qd8 (45. Qh8 $15) 45... Kh5 (45... Qd5 $17 46. Qxd5 Bxd5) 46. Qd1 $2 {[#]} (46. g4+ $1 $11 {and White is okay.} Kxg4 47. Qd1 f4+ 48. Nxf4+ Kf5 49. Ne2) 46... Kg6 ({Black should play} 46... Qb6+ $1 $19 47. Nd4+ Kg6) 47. Qd8 $1 $17 Kh5 (47... Qd5 $17 48. Qxd5 Bxd5) 48. Qd1 $19 {[#] And now Nd4+ would win.} Qb6+ $1 49. Nd4+ Kg6 50. Qd2 Bd5 51. Qc3 Bc4 52. Kd2 f4 53. Ke1 (53. gxf4 $142 gxf4 54. Kc2) 53... Qf6 ({Much less strong is} 53... fxg3 54. fxg3 Qf6 55. Qe3 $19) 54. a4 $2 (54. gxf4 gxf4 55. Kd1) 54... fxg3 55. fxg3 Qf1+ 56. Kd2 bxa4 57. Nc2 Qd3+ 58. Qxd3 exd3 {[%mdl 4096] Endgame KB-KN} 59. Ne3 Bb5 {Black mates.} 60. Kc3 Kf6 61. Ng4+ Kf5 62. Nf2 a3 63. Kb3 d2 64. Kxa3 Be2 {Accuracy: White = 58%, Black = 81%.} 0-1